Statistics for Most Common JetPunk Answers - People

Click here to take the quiz!

General Stats

  • This quiz has been taken 22,800 times
    (13,541 since last reset)
  • The average score is 19 of 30

Answer Stats

#CountryClueLifePerson% Correct
37GermanyWorld leader1889–1945Adolf Hitler
87%
66U.S.World leader1917–1963John F. Kennedy
87%
65U.S.World leader1809–1865Abraham Lincoln
86%
50U.S.World leader1732–1799George Washington
86%
66U.S.Singer1958–2009Michael Jackson
85%
50U.S.Basketball1963–Michael Jordan
84%
40USSRWorld leader1878–1953Joseph Stalin
81%
44U.S.World leader1961–Barack Obama
80%
57FranceWorld leader1769–1821Napoleon
80%
38RomeWorld leader100BC–44BCJulius Caesar
78%
35EnglandPlaywright1564–1616
William Shakespeare
77%
34U.S.World leader1946–Donald Trump
77%
46U.S.World leader1882–1945Franklin Roosevelt
76%
43U.S.Basketball1978–2020Kobe Bryant
74%
64U.S.Singer1935–1977Elvis Presley
72%
52U.S.Basketball1984–Lebron James
71%
45U.K.World leader1874–1965Winston Churchill
71%
38U.S.Rapper1972–Eminem
66%
33BarbadosSinger1988–Rihanna
65%
39U.S.World leader1911–2004Ronald Reagan
62%
50U.S.World leader1743–1826Thomas Jefferson
62%
45U.S.World leader1913–1994Richard Nixon
55%
33U.S.Baseball1895–1948Babe Ruth
54%
38U.K.Singer1940–1980John Lennon
51%
34U.S.Rapper1977–Kanye West
39%
46U.S.Singer1958–Madonna
39%
35U.S.Actor1926–1962Marilyn Monroe
39%
35U.S.Basketball1988–Kevin Durant
20%
40U.S.Singer1986–Lady Gaga
20%
36U.S.Singer1941–Bob Dylan
11%

Score Distribution

Percentile by Number Answered

Percent of People with Each Score

Your Score History

You have not taken this quiz since the last reset